Medical Terms: Body Parts - Statistics

General Stats
  • This quiz has been taken 200 times
    190 since last reset
  • The average score is 13 of 37
Answer Stats
Hint Answer % Correct
Nasal Nose
92%
Cardiac Heart
84%
Gastric Stomach
74%
Orbital Eye
69%
Cranial Head
66%
Renal Kidney
66%
Pedal Foot
65%
Pulmonary Lungs
62%
Mammary Breast
61%
Hepatic Liver
59%
Deltoid Shoulder
58%
Pectoral Chest
55%
Femoral Thigh
47%
Cervical Neck
45%
Cutaneous Skin
44%
Patellar Kneecap
36%
Buccal Mouth
35%
Lumbar Lower Back
33%
Frontal Forehead
31%
Iliac Hip
25%
Axillary Armpit
24%
Gluteal Buttocks
21%
Antebrachial Forearm
21%
Umbilical Navel
16%
Scapular Shoulder blade
16%
Sternal Breastbone
13%
Inguinal Groin
12%
Brachial Upper arm
11%
Occipital Back of the Head
5%
Popliteal Back of the Knee
3%
Volar Palm
3%
Temporal Side of the Head
3%
Plantar Sole of the Foot
2%
Sacral Base of the Spine
1%
Parietal Crown of the Head
1%
Antecubital Front of the Elbow
0%
Perineal Pelvic floor
0%
No matching quizzes found
Score Distribution
Percent of People with Each Score
Percentile by Number Answered
Your Score History
You have not taken this quiz since the last reset